CASE produkt POSE.

Charakteristika CASE produktu POSE (Picture Oriented Software Engineering). Filozofia POSE a harwardové nároky na jeho prevádzku. Vlastnosti produktu POSE. Moduly POSE a ich funkcie. Využitie POSE pri jednotlivých fázach tvorby informačného systému.

Na minha lista:
Detalhes bibliográficos
Autor principal: Šilha, L.
Formato: Capítulo de Livro
Idioma:tcheco
Assuntos:
Tags: Adicionar Tag
Sem tags, seja o primeiro a adicionar uma tag!

MARC

LEADER 00000naa a2200000 4500
001 r008209
005 20220831090404.3
041 0 |a cze 
044 |a [CS] 
245 1 0 |a CASE produkt POSE.  |c L. Šilha 
520 |a Charakteristika CASE produktu POSE (Picture Oriented Software Engineering). Filozofia POSE a harwardové nároky na jeho prevádzku. Vlastnosti produktu POSE. Moduly POSE a ich funkcie. Využitie POSE pri jednotlivých fázach tvorby informačného systému. 
610 2 0 |a moduly 
610 2 0 |a softvér 
610 2 0 |a POSE 
610 2 0 |a programovanie 
610 2 0 |a systémy informačné 
610 2 0 |a využitie počítačov 
610 2 0 |a hardvér 
100 1 |a Šilha, L.